Mauritius City Quiz - Statistics

General Stats
  • This quiz has been taken 39 times
  • The average score is 3 of 5
Answer Stats
City % Correct
Port Louis
100%
Curepipe
66%
Beau-Bassin/Rose Hill
62%
Quatre-Bornes
55%
Vacoas/Phoenix
45%
No matching quizzes found
Score Distribution
Percent of People with Each Score
Percentile by Number Answered
Your Score History
You have not taken this quiz